[Event "Provincial-ch Valencia Segunda"]
[Site "Valencia"]
[Date "2014.10.25"]
[Round "4.9"]
[White "Mena Sancho, Angel"]
[Black "Munera Agis, Juan"]
[Result "1-0"]
[WhiteElo "1612"]
[BlackElo "1381"]
[PlyCount "51"]
[EventDate "2014.09.27"]
[EventType "swiss"]
[EventRounds "7"]
[EventCountry "ESP"]
[SourceTitle "EXT 2024"]
[Source "ChessBase"]
[SourceDate "2023.10.10"]
[SourceVersion "1"]
[SourceVersionDate "2023.10.10"]
[SourceQuality "1"]

1. d4 d5 2. c4 e6 3. Bf4 Nf6 4. e3 Nc6 5. Nf3 g6 6. Nbd2 Bg7 7. h3 Nh5 8. Bh2 0-0 9. a3 Bd7 10. Bd3 Re8 11. 0-0 Qc8 12. c5 Bh8 13. Rb1 f6 14. Kh1 e5 15. dxe5 fxe5 16. e4 d4 17. Bc4+ Be6 18. Qb3 Rb8 19. Ng5 Bxc4 20. Qxc4+ Kg7 21. g4 Kh6 22. Nf7+ Kg7 23. gxh5 gxh5 24. Rg1+ Kf6 25. Ng5 h6 26. Qf7# 1-0

[Event "Provincial-ch Valencia Segunda"]
[Site "Valencia"]
[Date "2013.11.16"]
[Round "6"]
[White "Sanchez Gonzalo, Antonio"]
[Black "Mena Sancho, Angel"]
[Result "1-0"]
[WhiteElo "1568"]
[BlackElo "1626"]
[PlyCount "61"]
[EventDate "2013.10.05"]
[EventType "swiss"]
[EventRounds "7"]
[EventCountry "ESP"]
[SourceTitle "EXT 2024"]
[Source "ChessBase"]
[SourceDate "2023.10.10"]
[SourceVersion "1"]
[SourceVersionDate "2023.10.10"]
[SourceQuality "1"]

1. e4 c5 2. Nf3 Nc6 3. Nc3 e5 4. Bc4 d6 5. h3 Be6 6. Bxe6 fxe6 7. d3 Be7 8. a3 Nf6 9. 0-0 0-0 10. Ne2 h6 11. c3 Qd7 12. Ng3 Rad8 13. b4 cxb4 14. axb4 b5 15. Be3 Ra8 16. Qb3 Kh8 17. Rfd1 d5 18. d4 exd4 19. Bxd4 Nxd4 20. Rxd4 Qb7 21. Ne5 Kh7 22. Qc2 dxe4 23. Nxe4 Nxe4 24. Rxe4 Kg8 25. Ng6 Rf6 26. Nxe7+ Qxe7 27. Qe2 a6 28. Rd1 Rd8 29. Rxd8+ Qxd8 30. Rxe6 Qf8 31. Re8 1-0

[Event "Provincial-ch Valencia Segunda"]
[Site "Valencia"]
[Date "2013.11.09"]
[Round "5"]
[White "Mena Sancho, Angel"]
[Black "Yaniz Gonzalez, Pablo"]
[Result "1/2-1/2"]
[WhiteElo "1626"]
[BlackElo "1421"]
[PlyCount "44"]
[EventDate "2013.10.05"]
[EventType "swiss"]
[EventRounds "7"]
[EventCountry "ESP"]
[SourceTitle "EXT 2024"]
[Source "ChessBase"]
[SourceDate "2023.10.10"]
[SourceVersion "1"]
[SourceVersionDate "2023.10.10"]
[SourceQuality "1"]

1. e4 e5 2. Nf3 Nc6 3. Bc4 Bc5 4. d3 h6 5. Be3 Bb6 6. Nc3 d6 7. h3 Be6 8. Bb3 Nf6 9. 0-0 0-0 10. d4 exd4 11. Nxd4 Nxd4 12. Bxd4 Re8 13. Bxb6 axb6 14. Qd3 c6 15. Rad1 Bxb3 16. axb3 Re7 17. Rfe1 Rd7 18. Qf3 Qe7 19. Re3 Re8 20. Qf5 Qe5 21. Qxe5 Rxe5 22. f3 b5 1/2-1/2